[Event "C10"]
[Site "?"]
[Date "2020.08.30"]
[Round "2.5"]
[White "Wesolowski, Jeremi"]
[Black "Zabrzanski, Marcin"]
[Result "1-0"]
[BlackElo "1101"]
[WhiteElo "1364"]
[LiveChessVersion "1.4.8"]

1. e4 {[%clk 0:03:03]} e5 {[%clk 0:03:04]} 2. Nf3 {[%clk 0:03:04]} Nc6
{[%clk 0:03:05]} 3. Bc4 {[%clk 0:03:05]} Bc5 {[%clk 0:03:06]} 4. c3
{[%clk 0:03:06]} Nf6 {[%clk 0:03:06]} 5. d3 {[%clk 0:03:08]} h6 {[%clk 0:03:07]}
6. O-O {[%clk 0:03:08]} d6 {[%clk 0:03:08]} 7. Nbd2 {[%clk 0:03:08]} Bg4
{[%clk 0:03:09]} 8. Re1 {[%clk 0:03:08]} O-O {[%clk 0:03:08]} 9. Nf1 Nh5
{[%clk 0:02:53]} 10. h3 {[%clk 0:03:05]} Bxf3 {[%clk 0:02:42]} 11. Qxf3
{[%clk 0:03:03]} Nf6 {[%clk 0:02:37]} 12. Be3 {[%clk 0:03:01]} Bxe3
{[%clk 0:02:37]} 13. Nxe3 {[%clk 0:03:02]} Nh7 {[%clk 0:02:34]} 14. Nf5
{[%clk 0:02:54]} Ne7 {[%clk 0:02:29]} 15. Re3 {[%clk 0:02:32]} Nxf5
{[%clk 0:02:04]} 16. Qxf5 {[%clk 0:02:26]} Qf6 {[%clk 0:02:03]} 17. Qxf6
{[%clk 0:02:18]} Nxf6 {[%clk 0:02:03]} 18. Rae1 {[%clk 0:02:02]} c6
{[%clk 0:02:03]} 19. d4 {[%clk 0:02:00]} exd4 {[%clk 0:02:03]} 20. cxd4
{[%clk 0:02:01]} Rfe8 {[%clk 0:02:03]} 21. e5 {[%clk 0:01:55]} dxe5
{[%clk 0:02:04]} 22. dxe5 {[%clk 0:01:49]} Nd7 {[%clk 0:02:04]} 23. e6
{[%clk 0:01:49]} Kh8 {[%clk 0:01:21]} 24. exd7 {[%clk 0:01:43]} Red8
{[%clk 0:01:17]} 25. Re8+ {[%clk 0:01:44]} Rxe8 {[%clk 0:01:16]} 26. Rxe8+
{[%clk 0:01:41]} Rxe8 {[%clk 0:01:16]} 27. dxe8=Q+ {[%clk 0:01:38]} Kh7
{[%clk 0:01:12]} 28. Bxf7 {[%clk 0:01:38]} h5 {[%clk 0:01:04]} 29. Qg8+ Kh6
{[%clk 0:01:04]} 30. Qh8+ {[%clk 0:01:34]} Kg5 {[%clk 0:01:04]} 31. Qxh5+
{[%clk 0:01:35]} Kf6 {[%clk 0:01:05]} 32. Qg6+ {[%clk 0:01:36]} Ke5
{[%clk 0:01:05]} 33. Qe6+ {[%clk 0:01:34]} Kd4 {[%clk 0:01:06]} 34. Kf1
{[%clk 0:01:32]} Kc5 {[%clk 0:01:07]} 35. Qc4+ {[%clk 0:01:33]} Kb6
{[%clk 0:01:08]} 36. Ke2 {[%clk 0:01:34]} a5 {[%clk 0:01:09]} 37. g4
{[%clk 0:01:34]} Ka7 {[%clk 0:01:10]} 38. Qc5+ {[%clk 0:01:35]} b6
{[%clk 0:01:10]} 39. Qxc6 {[%clk 0:01:36]} Ka6 {[%clk 0:01:11]} 40. Bc4+
{[%clk 0:01:36]} Ka7 {[%clk 0:01:12]} 41. Bd5 {[%clk 0:01:37]} Ka6
{[%clk 0:01:13]} 42. a4 {[%clk 0:01:37]} Ka7 {[%clk 0:01:07]} 1-0

[Event "C10"]
[Site "?"]
[Date "2020.08.30"]
[Round "2.6"]
[White "Rozanski, Mateusz"]
[Black "Twardowski, Karol"]
[Result "1-0"]
[BlackElo "1093"]
[WhiteElo "1343"]
[LiveChessVersion "1.4.8"]

1. e4 {[%clk 0:03:02]} e5 {[%clk 0:03:03]} 2. Nf3 {[%clk 0:03:03]} Nc6
{[%clk 0:03:04]} 3. Bb5 {[%clk 0:03:04]} Nf6 {[%clk 0:03:03]} 4. O-O
{[%clk 0:03:04]} Bc5 {[%clk 0:03:03]} 5. Nc3 {[%clk 0:02:59]} O-O
{[%clk 0:03:00]} 6. Bxc6 {[%clk 0:02:59]} dxc6 {[%clk 0:03:00]} 7. Nxe5
{[%clk 0:02:59]} Qd4 {[%clk 0:02:51]} 8. Nf3 {[%clk 0:02:59]} Qd7
{[%clk 0:02:28]} 9. d4 {[%clk 0:02:59]} Bb6 {[%clk 0:02:23]} 10. Bg5
{[%clk 0:02:57]} Qe7 {[%clk 0:02:21]} 11. e5 {[%clk 0:02:55]} Bg4
{[%clk 0:01:52]} 12. exf6 {[%clk 0:02:53]} gxf6 {[%clk 0:01:48]} 13. Re1
{[%clk 0:02:52]} Qd6 {[%clk 0:01:44]} 14. Ne4 {[%clk 0:02:53]} Bxf3
{[%clk 0:01:11]} 15. Qxf3 {[%clk 0:02:53]} fxg5 {[%clk 0:01:11]} 16. Nxd6
{[%clk 0:02:53]} cxd6 {[%clk 0:01:08]} 17. Qf6 {[%clk 0:02:53]} Rae8
{[%clk 0:01:05]} 18. Qxg5+ {[%clk 0:02:52]} Kh8 {[%clk 0:01:06]} 19. Rad1
{[%clk 0:02:46]} Bxd4 {[%clk 0:01:04]} 20. g3 {[%clk 0:02:33]} Bxb2
{[%clk 0:01:01]} 21. Rxe8 {[%clk 0:02:28]} Rxe8 {[%clk 0:01:01]} 22. Rxd6
{[%clk 0:02:25]} Bg7 {[%clk 0:00:52]} 23. Rd8 {[%clk 0:02:25]} Rg8
{[%clk 0:00:45]} 24. Rxg8+ {[%clk 0:02:12]} Kxg8 {[%clk 0:00:45]} 25. Qd8+
{[%clk 0:02:11]} Bf8 {[%clk 0:00:35]} 26. h4 {[%clk 0:02:12]} b5 {[%clk 0:00:34]}
27. h5 {[%clk 0:02:12]} h6 {[%clk 0:00:34]} 28. g4 {[%clk 0:02:13]} c5
{[%clk 0:00:31]} 29. f4 {[%clk 0:02:12]} a5 {[%clk 0:00:32]} 30. g5
{[%clk 0:02:12]} hxg5 31. fxg5 {[%clk 0:02:11]} b4 {[%clk 0:00:33]} 32. Qf6
{[%clk 0:02:01]} Bg7 {[%clk 0:00:32]} 33. Qd8+ {[%clk 0:02:02]} Bf8
{[%clk 0:00:33]} 34. Kg2 {[%clk 0:02:00]} a4 {[%clk 0:00:27]} 35. h6
{[%clk 0:01:52]} c4 {[%clk 0:00:08]} 36. h7+ {[%clk 0:01:50]} Kxh7
{[%clk 0:00:06]} 37. Qxf8 {[%clk 0:01:50]} Kg6 {[%clk 0:00:07]} 38. Qxb4
{[%clk 0:01:44]} Kxg5 {[%clk 0:00:06]} 39. Qxc4 {[%clk 0:01:44]} f5
{[%clk 0:00:07]} 40. Qxa4 {[%clk 0:01:44]} f4 {[%clk 0:00:08]} 41. Kf3
{[%clk 0:01:45]} Kf6 {[%clk 0:00:03]} 42. c4 {[%clk 0:01:34]} Kf5
{[%clk 0:00:03]} 43. c5 {[%clk 0:01:31]} Kf6 {[%clk 0:00:04]} 44. c6
{[%clk 0:01:32]} Kf7 {[%clk 0:00:05]} 45. c7 {[%clk 0:01:32]} Kf6
{[%clk 0:00:07]} 46. c8=Q {[%clk 0:01:31]} Kg6 {[%clk 0:00:07]} 47. Qe6+
{[%clk 0:01:30]} Kg7 {[%clk 0:00:08]} 48. Kg4 {[%clk 0:01:25]} Kf8
{[%clk 0:00:09]} 49. Qa7 {[%clk 0:01:15]} f3 {[%clk 0:00:09]} 50. Kg5
{[%clk 0:00:48]} f2 {[%clk 0:00:08]} 51. Kg6 {[%clk 0:00:34]} f1=Q
{[%clk 0:00:07]} 52. Qae7# {[%clk 0:00:03]} 1-0

[Event "C10"]
[Site "?"]
[Date "2020.08.30"]
[Round "2.7"]
[White "Mioduszewski, Szymon"]
[Black "Butkiewicz, Jan"]
[Result "1-0"]
[BlackElo "1300"]
[WhiteElo "1122"]
[LiveChessVersion "1.4.8"]

1. d4 c5 {[%clk 0:03:04]} 2. e4 {[%clk 0:03:04]} Nc6 {[%clk 0:03:05]} 3. Nf3
{[%clk 0:03:05]} cxd4 {[%clk 0:03:06]} 4. Nxd4 {[%clk 0:03:06]} Nf6
{[%clk 0:03:07]} 5. Nc3 {[%clk 0:03:05]} e6 {[%clk 0:03:08]} 6. a3
{[%clk 0:03:06]} Bc5 {[%clk 0:02:58]} 7. Be3 {[%clk 0:03:05]} Nxd4
{[%clk 0:02:37]} 8. Bxd4 {[%clk 0:03:05]} Bxd4 {[%clk 0:02:37]} 9. Qxd4
{[%clk 0:03:06]} b6 {[%clk 0:02:34]} 10. Be2 {[%clk 0:02:50]} Bb7
{[%clk 0:02:33]} 11. Bf3 {[%clk 0:02:47]} Qc7 {[%clk 0:02:17]} 12. O-O
{[%clk 0:02:18]} O-O {[%clk 0:02:07]} 13. Rac1 {[%clk 0:02:16]} Rfd8
{[%clk 0:01:55]} 14. Nb5 {[%clk 0:02:07]} Qc5 {[%clk 0:01:26]} 15. Qxc5
{[%clk 0:01:50]} bxc5 {[%clk 0:01:26]} 16. Nd6 {[%clk 0:01:41]} Bc6
{[%clk 0:01:17]} 17. Rfe1 Ne8 {[%clk 0:01:06]} 18. Rcd1 {[%clk 0:00:48]} Nxd6
{[%clk 0:00:50]} 19. Rxd6 {[%clk 0:00:49]} Rab8 {[%clk 0:00:46]} 20. Rb1
{[%clk 0:00:43]} Rb6 {[%clk 0:00:38]} 21. b4 {[%clk 0:03:03]} 1-0

[Event "C10"]
[Site "?"]
[Date "2020.08.30"]
[Round "2.8"]
[White "Krogulski, Maksymilian"]
[Black "Sibila, Piotr"]
[Result "1-0"]
[BlackElo "1076"]
[WhiteElo "1289"]
[LiveChessVersion "1.4.8"]

1. e4 {[%clk 0:03:04]} c5 {[%clk 0:03:03]} 2. Nf3 {[%clk 0:03:05]} d6
{[%clk 0:03:04]} 3. d4 {[%clk 0:03:06]} cxd4 {[%clk 0:03:05]} 4. Nxd4
{[%clk 0:03:07]} Nf6 {[%clk 0:03:06]} 5. Nc3 {[%clk 0:03:09]} a6 {[%clk 0:03:08]}
6. Be2 {[%clk 0:03:08]} e6 {[%clk 0:03:08]} 7. O-O {[%clk 0:03:09]} Be7
{[%clk 0:03:09]} 8. Be3 {[%clk 0:03:06]} O-O {[%clk 0:03:09]} 9. f4
{[%clk 0:03:05]} Nbd7 {[%clk 0:03:05]} 10. h3 {[%clk 0:03:00]} Qc7
{[%clk 0:03:04]} 11. Nf3 {[%clk 0:02:51]} b5 {[%clk 0:03:05]} 12. a3
{[%clk 0:02:48]} Bb7 {[%clk 0:03:06]} 13. Bd3 {[%clk 0:02:40]} h6
{[%clk 0:03:04]} 14. Qd2 {[%clk 0:02:37]} Nc5 {[%clk 0:02:53]} 15. e5
{[%clk 0:02:29]} dxe5 {[%clk 0:02:44]} 16. fxe5 {[%clk 0:02:30]} Nh7
{[%clk 0:02:30]} 17. Rfe1 {[%clk 0:02:24]} f6 {[%clk 0:02:23]} 18. exf6
{[%clk 0:02:19]} Nxf6 {[%clk 0:02:18]} 19. Kh1 {[%clk 0:02:18]} Rad8
{[%clk 0:02:10]} 20. Bxc5 {[%clk 0:02:14]} Qxc5 {[%clk 0:02:02]} 21. Rxe6 Bxf3
{[%clk 0:02:00]} 22. gxf3 {[%clk 0:01:54]} Nh5 {[%clk 0:01:46]} 23. Qe1
{[%clk 0:01:29]} Bd6 {[%clk 0:01:31]} 24. Ne4 {[%clk 0:01:21]} Qc7
{[%clk 0:01:10]} 25. Nxd6 {[%clk 0:01:02]} Rxd6 {[%clk 0:01:09]} 26. Rxd6
{[%clk 0:00:54]} Qxd6 {[%clk 0:01:09]} 27. Kg2 {[%clk 0:00:46]} Qf6
{[%clk 0:01:04]} 28. Qe4 {[%clk 0:00:27]} Qg5+ {[%clk 0:00:38]} 29. Qg4
{[%clk 0:00:08]} Qd2+ {[%clk 0:00:37]} 30. Kh1 {[%clk 0:00:05]} Nf4
{[%clk 0:00:28]} 31. Rf1 {[%clk 0:00:04]} Re8 {[%clk 0:00:19]} 32. Bh7+
{[%clk 0:00:03]} Kxh7 {[%clk 0:00:19]} 33. Qf5+ {[%clk 0:00:04]} Ng6 34. Rg1
{[%clk 0:00:04]} Kg8 {[%clk 0:00:11]} 35. Qxg6 {[%clk 0:00:05]} Re1
{[%clk 0:00:12]} 36. Qxg7# 1-0

[Event "C10"]
[Site "?"]
[Date "2020.08.30"]
[Round "2.10"]
[White "Jodlowski, Robert"]
[Black "Ziobrowski, Wojciech"]
[Result "1-0"]
[BlackElo "1069"]
[WhiteElo "1269"]
[LiveChessVersion "1.4.8"]

1. d4 {[%clk 0:03:02]} d5 {[%clk 0:03:00]} 2. Bf4 {[%clk 0:03:03]} Nc6
{[%clk 0:03:00]} 3. Nf3 {[%clk 0:03:04]} Nf6 {[%clk 0:02:59]} 4. e3
{[%clk 0:03:04]} Bf5 {[%clk 0:02:45]} 5. Nh4 {[%clk 0:02:59]} Bg4
{[%clk 0:02:38]} 6. Nf3 {[%clk 0:02:53]} e6 {[%clk 0:02:35]} 7. h3
{[%clk 0:02:53]} Bh5 {[%clk 0:02:34]} 8. Bd3 {[%clk 0:02:51]} Bd6
{[%clk 0:02:27]} 9. Bxd6 {[%clk 0:02:49]} cxd6 {[%clk 0:02:27]} 10. Nbd2
{[%clk 0:02:50]} Qe7 {[%clk 0:02:14]} 11. c4 {[%clk 0:02:44]} dxc4
{[%clk 0:02:00]} 12. Nxc4 {[%clk 0:02:44]} e5 {[%clk 0:01:55]} 13. dxe5
{[%clk 0:02:35]} dxe5 {[%clk 0:01:48]} 14. Rc1 {[%clk 0:02:32]} e4
{[%clk 0:01:40]} 15. Bxe4 {[%clk 0:02:22]} Nxe4 {[%clk 0:01:36]} 16. g4
{[%clk 0:01:42]} Bg6 {[%clk 0:01:31]} 17. Qb3 {[%clk 0:01:40]} Qb4+
{[%clk 0:01:15]} 18. Qxb4 {[%clk 0:01:34]} Nxb4 {[%clk 0:01:16]} 19. Ke2
{[%clk 0:01:07]} O-O {[%clk 0:01:05]} 20. h4 {[%clk 0:01:08]} h6 {[%clk 0:01:04]}
21. h5 {[%clk 0:00:52]} Bh7 {[%clk 0:01:04]} 22. g5 {[%clk 0:00:53]} hxg5
{[%clk 0:01:00]} 23. Rcg1 {[%clk 0:00:49]} f6 {[%clk 0:00:42]} 24. Ncd2
{[%clk 0:00:31]} Nxd2 {[%clk 0:00:37]} 25. Kxd2 {[%clk 0:00:31]} Rad8+
{[%clk 0:00:37]} 26. Ke2 {[%clk 0:00:32]} Nd3 {[%clk 0:00:36]} 27. Nd4
{[%clk 0:00:26]} Ne5 {[%clk 0:00:34]} 28. Ne6 {[%clk 0:00:27]} a6 29. Nxf8
{[%clk 0:00:27]} Rxf8 {[%clk 0:00:29]} 30. f4 {[%clk 0:00:26]} Nc6
{[%clk 0:00:24]} 31. fxg5 {[%clk 0:00:26]} fxg5 {[%clk 0:00:25]} 32. Rxg5
{[%clk 0:00:27]} Rf5 {[%clk 0:00:21]} 33. Rg3 {[%clk 0:00:20]} Rd5
{[%clk 0:00:19]} 34. h6 {[%clk 0:00:20]} g6 {[%clk 0:00:19]} 35. Rhg1
{[%clk 0:00:16]} Ne5 {[%clk 0:00:18]} 36. Kf2 {[%clk 0:00:16]} Nd3+
{[%clk 0:00:18]} 37. Ke2 {[%clk 0:00:17]} Ne5 {[%clk 0:00:18]} 38. Rf1
{[%clk 0:00:16]} Nf7 {[%clk 0:00:17]} 39. Rf6 {[%clk 0:00:17]} Rd7
{[%clk 0:00:14]} 40. Rb6 {[%clk 0:00:17]} Rc7 {[%clk 0:00:14]} 41. e4
{[%clk 0:00:18]} Re7 {[%clk 0:00:14]} 42. Kd3 {[%clk 0:00:19]} Rd7+
{[%clk 0:00:15]} 43. Ke3 {[%clk 0:00:21]} Re7 {[%clk 0:00:17]} 44. Kf4
{[%clk 0:00:21]} Kf8 {[%clk 0:00:15]} 45. b4 {[%clk 0:00:15]} Kg8
{[%clk 0:00:16]} 46. b5 {[%clk 0:00:17]} axb5 47. Rxb5 {[%clk 0:00:18]} Nd6
{[%clk 0:00:14]} 48. Rb6 {[%clk 0:00:17]} Nxe4 {[%clk 0:00:11]} 49. a4
{[%clk 0:00:18]} Nd2 {[%clk 0:00:05]} 50. Rc3 {[%clk 0:00:15]} Rf7+
{[%clk 0:00:05]} 51. Ke3 {[%clk 0:00:15]} Nf3 {[%clk 0:00:04]} 52. Rc8+
{[%clk 0:00:12]} Rf8 {[%clk 0:00:03]} 53. Rxf8+ {[%clk 0:00:11]} Kxf8
{[%clk 0:00:05]} 54. Kxf3 {[%clk 0:00:12]} Kf7 {[%clk 0:00:06]} 55. Rxb7+
{[%clk 0:00:12]} Kg8 {[%clk 0:00:07]} 56. a5 {[%clk 0:00:13]} Kh8
{[%clk 0:00:07]} 57. a6 {[%clk 0:00:13]} 1-0

[Event "C10"]
[Site "?"]
[Date "2020.08.30"]
[Round "3.1"]
[White "Durzynski, Jan"]
[Black "Sowinski, Pawel"]
[Result "0-1"]
[BlackElo "1527"]
[WhiteElo "1237"]
[LiveChessVersion "1.4.8"]

1. e4 {[%clk 0:03:03]} c5 {[%clk 0:03:04]} 2. Nf3 {[%clk 0:03:03]} e6
{[%clk 0:03:05]} 3. d4 {[%clk 0:03:05]} cxd4 {[%clk 0:03:07]} 4. Nxd4
{[%clk 0:03:06]} Nc6 {[%clk 0:03:08]} 5. Nb5 {[%clk 0:03:03]} d6 {[%clk 0:03:06]}
6. c4 {[%clk 0:02:53]} a6 {[%clk 0:03:04]} 7. N5c3 {[%clk 0:02:50]} Nf6
{[%clk 0:03:04]} 8. Bd3 {[%clk 0:02:49]} Qc7 {[%clk 0:03:03]} 9. O-O
{[%clk 0:02:49]} Be7 {[%clk 0:03:02]} 10. Be3 {[%clk 0:02:49]} O-O 11. Nd2
{[%clk 0:02:49]} Ne5 {[%clk 0:03:00]} 12. Be2 {[%clk 0:02:45]} Bd7
{[%clk 0:02:56]} 13. b3 {[%clk 0:02:43]} b5 {[%clk 0:02:54]} 14. Rc1
{[%clk 0:02:33]} b4 {[%clk 0:02:50]} 15. Ncb1 {[%clk 0:02:28]} Bc6
{[%clk 0:02:50]} 16. f3 {[%clk 0:02:28]} Rfd8 {[%clk 0:02:46]} 17. Bd4
{[%clk 0:02:24]} Qb7 {[%clk 0:02:43]} 18. Bxe5 {[%clk 0:02:25]} dxe5
{[%clk 0:02:44]} 19. Qc2 {[%clk 0:02:19]} Bc5+ {[%clk 0:02:44]} 20. Kh1
{[%clk 0:02:20]} a5 {[%clk 0:02:46]} 21. Rfd1 Rd4 {[%clk 0:02:45]} 22. Nf1
{[%clk 0:02:07]} Rad8 {[%clk 0:02:46]} 23. Rxd4 {[%clk 0:02:07]} Rxd4
{[%clk 0:02:30]} 24. Rd1 {[%clk 0:02:08]} Nxe4 {[%clk 0:02:31]} 25. fxe4
{[%clk 0:02:01]} Bxe4 {[%clk 0:02:32]} 26. Bg4 {[%clk 0:01:44]} Bxc2
{[%clk 0:02:26]} 0-1

[Event "C10"]
[Site "?"]
[Date "2020.08.30"]
[Round "3.2"]
[White "Wojtacha, Krzysztof"]
[Black "Kudraszow, Filip"]
[Result "1-0"]
[BlackElo "1202"]
[WhiteElo "1445"]
[LiveChessVersion "1.4.8"]

1. e4 {[%clk 0:03:03]} c5 {[%clk 0:03:03]} 2. Nf3 {[%clk 0:03:04]} Nc6
{[%clk 0:03:04]} 3. Bb5 {[%clk 0:03:05]} g6 {[%clk 0:03:04]} 4. Bxc6
{[%clk 0:03:06]} bxc6 {[%clk 0:03:05]} 5. d3 {[%clk 0:03:06]} Bg7
{[%clk 0:03:06]} 6. h3 {[%clk 0:03:07]} Nf6 {[%clk 0:03:05]} 7. Be3
{[%clk 0:03:06]} d6 {[%clk 0:03:04]} 8. Nc3 {[%clk 0:03:07]} O-O {[%clk 0:03:03]}
9. Qd2 {[%clk 0:03:08]} Bd7 {[%clk 0:03:00]} 10. O-O {[%clk 0:03:04]} Rb8
{[%clk 0:03:00]} 11. Rab1 {[%clk 0:02:50]} Qa5 {[%clk 0:02:55]} 12. a3
{[%clk 0:02:36]} Rfe8 {[%clk 0:02:54]} 13. Ne2 {[%clk 0:02:20]} Qxd2
{[%clk 0:02:50]} 14. Nxd2 {[%clk 0:02:16]} e5 {[%clk 0:02:33]} 15. Nc4
{[%clk 0:02:14]} Re6 {[%clk 0:02:21]} 16. f4 {[%clk 0:02:05]} Nh5
{[%clk 0:01:46]} 17. f5 {[%clk 0:01:57]} Re7 {[%clk 0:01:18]} 18. Nxd6
{[%clk 0:01:54]} c4 {[%clk 0:01:16]} 19. Nxc4 {[%clk 0:01:52]} Rb7
{[%clk 0:01:14]} 20. Bc5 {[%clk 0:01:48]} Re8 {[%clk 0:01:11]} 21. Nd6
{[%clk 0:01:47]} Reb8 {[%clk 0:01:12]} 22. Nxb7 {[%clk 0:01:46]} Rxb7
{[%clk 0:01:13]} 23. b4 {[%clk 0:01:43]} gxf5 24. exf5 {[%clk 0:01:40]} Nf4
{[%clk 0:01:07]} 25. Nxf4 {[%clk 0:01:38]} exf4 {[%clk 0:01:08]} 26. Rxf4
{[%clk 0:01:36]} Bh6 {[%clk 0:01:07]} 27. Rg4+ {[%clk 0:01:28]} Kh8
{[%clk 0:01:00]} 28. Re1 {[%clk 0:01:17]} Bxf5 {[%clk 0:00:59]} 29. Re8+
{[%clk 0:01:13]} Bf8 {[%clk 0:00:58]} 30. Bxf8 {[%clk 0:00:53]} h5
{[%clk 0:00:58]} 31. Bg7+ {[%clk 0:00:49]} Kh7 {[%clk 0:00:57]} 32. Rh8#
{[%clk 0:00:49]} 1-0

[Event "C10"]
[Site "?"]
[Date "2020.08.30"]
[Round "3.3"]
[White "Sienicki, Oliwier"]
[Black "Jasiulewicz, Kamil"]
[Result "0-1"]
[BlackElo "1381"]
[WhiteElo "1238"]
[LiveChessVersion "1.4.8"]

1. e4 {[%clk 0:03:01]} e5 {[%clk 0:03:03]} 2. Nf3 {[%clk 0:03:03]} Nf6
{[%clk 0:03:03]} 3. Nc3 {[%clk 0:03:03]} Nc6 {[%clk 0:03:04]} 4. Bb5
{[%clk 0:03:04]} d6 {[%clk 0:03:03]} 5. O-O {[%clk 0:03:01]} Bg4 {[%clk 0:03:02]}
6. h3 {[%clk 0:03:00]} Bh5 {[%clk 0:03:03]} 7. d4 {[%clk 0:02:56]} Bxf3
{[%clk 0:02:49]} 8. Bxc6+ {[%clk 0:02:22]} bxc6 {[%clk 0:02:48]} 9. Qxf3
{[%clk 0:02:16]} exd4 {[%clk 0:02:48]} 10. e5 {[%clk 0:02:12]} dxe5
{[%clk 0:02:41]} 11. Qxc6+ {[%clk 0:02:11]} Nd7 {[%clk 0:02:34]} 12. Nd5
{[%clk 0:01:54]} Bd6 {[%clk 0:02:31]} 13. Bg5 {[%clk 0:01:08]} f6
{[%clk 0:02:24]} 14. Bd2 {[%clk 0:01:07]} O-O {[%clk 0:02:21]} 15. Rfe1
{[%clk 0:00:39]} Nb6 {[%clk 0:02:18]} 16. Bb4 {[%clk 0:00:19]} Nxd5
{[%clk 0:02:11]} 17. Bxd6 {[%clk 0:00:19]} Qxd6 {[%clk 0:02:12]} 18. Qxd6
{[%clk 0:00:17]} cxd6 {[%clk 0:02:12]} 19. c4 {[%clk 0:00:00]} dxc3
{[%clk 0:02:08]} 20. bxc3 {[%clk 0:01:05]} Nxc3 {[%clk 0:02:08]} 21. Rac1
{[%clk 0:01:04]} Rac8 {[%clk 0:02:09]} 22. a3 {[%clk 0:01:04]} d5
{[%clk 0:02:10]} 23. Rc2 {[%clk 0:00:55]} d4 {[%clk 0:02:11]} 24. Rec1
{[%clk 0:00:47]} Rc4 {[%clk 0:02:09]} 25. Kf1 {[%clk 0:00:42]} Rfc8
{[%clk 0:02:09]} 26. Ke1 {[%clk 0:00:41]} Ra4 {[%clk 0:02:06]} 27. Kd2
{[%clk 0:00:37]} Rxa3 {[%clk 0:02:05]} 28. f3 {[%clk 0:00:37]} Rc6
{[%clk 0:02:01]} 29. Rb2 {[%clk 0:00:30]} Rb6 {[%clk 0:01:55]} 30. Rxb6
{[%clk 0:00:29]} axb6 {[%clk 0:01:56]} 31. Rc2 {[%clk 0:00:30]} b5
{[%clk 0:01:56]} 32. Rb2 {[%clk 0:00:31]} Ra2 {[%clk 0:01:56]} 33. Rxa2
{[%clk 0:00:31]} Nxa2 {[%clk 0:01:57]} 34. Kc2 {[%clk 0:00:32]} Nc3
{[%clk 0:01:58]} 35. Kb3 {[%clk 0:00:33]} b4 {[%clk 0:01:57]} 36. Kxb4
{[%clk 0:00:34]} Kf7 {[%clk 0:01:57]} 37. Kc4 {[%clk 0:00:35]} Ke6
{[%clk 0:01:58]} 38. g4 {[%clk 0:00:36]} Ne2 {[%clk 0:01:58]} 39. Kd3
{[%clk 0:00:36]} Nf4+ {[%clk 0:01:59]} 40. Ke4 {[%clk 0:00:35]} Nxh3
{[%clk 0:01:58]} 41. f4 {[%clk 0:00:35]} Nf2+ {[%clk 0:03:02]} 0-1

[Event "C10"]
[Site "?"]
[Date "2020.08.30"]
[Round "3.4"]
[White "Majcher, Igor"]
[Black "Kania, Franciszek"]
[Result "1-0"]
[BlackElo "1115"]
[WhiteElo "1365"]
[LiveChessVersion "1.4.8"]

1. e4 c5 2. Nf3 Nc6 3. d4 cxd4 4. Nxd4 Nf6 5. Nc3 e6 6. f3 a6 7. Be3 Be7 8. Qd2
Qa5 9. O-O-O b5 10. g4 b4 11. Nxc6 dxc6 12. Nb1 Qxa2 13. h4 Bb7 14. g5 Rd8 15.
Qe2 Rxd1+ 16. Qxd1 Nd7 17. h5 Ne5 18. f4 Nc4 19. Bxc4 Qxc4 20. Bd4 Rg8 21. g6
hxg6 22. hxg6 f6 23. b3 Qb5 24. Kb2 c5 25. Be3 Bxe4 26. Re1 Bd5 27. f5 c4 28.
fxe6 c3+ 29. Kc1 Bxe6 30. Bd4 Bd5 31. Qg4 Qd7 32. Qe2 Kd8 33. Qxa6 f5 34. Bb6+
Ke8 35. Bc5 Kd8 36. Bxe7+ Qxe7 37. Rxe7 Kxe7 38. Qa7+ Kf6 39. Qb6+ Be6 40. Kd1
Rh8 41. Qd4+ Kxg6 42. Qg1+ Kf7 43. Ke2 Rh4 44. Kf3 Bd5+ 45. Ke3 Re4+ 46. Kf2 Rf4+
47. Ke1 Re4+ 48. Kd1 Rg4 49. Qe1 Be4 50. Ke2 Rg2+ 51. Ke3 Rxc2 52. Kd4 Rb2 53.
Nxc3 bxc3 54. Qxc3 Rc2 55. Qb4 Rc7 56. Qd6 Re7 57. b4 g5 58. b5 f4 59. b6 g4 60.
Qxf4+ Kg6 61. Qxg4+ Kf7 62. Qxe4 Rxe4+ 63. Kxe4 Ke7 64. b7 Kd7 65. b8=Q Kc6 66.
Qe5 Kb6 67. Qd5 Ka7 68. Ke5 Kb6 69. Kd6 Ka7 70. Qc6 Kb8 71. Qc7+ Ka8 72. Qa5+ Kb7
73. Kc5 Kb8 74. Kc6 Kc8 75. Qc7# 1-0

[Event "C10"]
[Site "?"]
[Date "2020.08.30"]
[Round "3.5"]
[White "Chomicki, Kornel"]
[Black "Wesolowski, Jeremi"]
[Result "1-0"]
[BlackElo "1364"]
[WhiteElo "1164"]
[LiveChessVersion "1.4.8"]

1. e4 {[%clk 0:03:03]} c5 {[%clk 0:03:04]} 2. Nc3 {[%clk 0:03:03]} e6
{[%clk 0:03:04]} 3. d3 {[%clk 0:03:03]} Nc6 {[%clk 0:03:04]} 4. Be3
{[%clk 0:03:04]} d5 {[%clk 0:03:04]} 5. Bd2 {[%clk 0:02:54]} Nf6 {[%clk 0:03:02]}
6. g3 {[%clk 0:02:31]} a6 {[%clk 0:02:34]} 7. Bg2 {[%clk 0:02:31]} Bd6
{[%clk 0:02:35]} 8. f4 {[%clk 0:02:31]} d4 {[%clk 0:02:27]} 9. Nce2
{[%clk 0:02:32]} e5 10. f5 {[%clk 0:02:29]} b5 {[%clk 0:01:48]} 11. h3
{[%clk 0:02:23]} Bd7 {[%clk 0:01:19]} 12. Nf3 {[%clk 0:02:21]} Rb8
{[%clk 0:00:52]} 13. O-O {[%clk 0:02:19]} c4 {[%clk 0:00:50]} 14. g4
{[%clk 0:02:16]} Be7 {[%clk 0:00:40]} 15. Ng3 {[%clk 0:02:08]} h6
{[%clk 0:00:29]} 16. a3 {[%clk 0:01:31]} Qc7 {[%clk 0:00:17]} 17. Nh2
{[%clk 0:01:23]} Rc8 {[%clk 0:00:19]} 18. h4 {[%clk 0:01:21]} 1-0

[Event "C10"]
[Site "?"]
[Date "2020.08.30"]
[Round "3.6"]
[White "Komendecki, Grzegorz"]
[Black "Rozanski, Mateusz"]
[Result "1/2-1/2"]
[BlackElo "1343"]
[WhiteElo "1154"]
[LiveChessVersion "1.4.8"]

1. e4 {[%clk 0:03:03]} e5 {[%clk 0:03:03]} 2. Nf3 {[%clk 0:03:03]} Nc6
{[%clk 0:03:03]} 3. d4 {[%clk 0:03:03]} exd4 {[%clk 0:03:04]} 4. Nxd4
{[%clk 0:03:04]} d6 {[%clk 0:02:57]} 5. Nc3 {[%clk 0:03:01]} Bd7 {[%clk 0:02:56]}
6. Be3 {[%clk 0:02:57]} Nf6 {[%clk 0:02:55]} 7. f3 {[%clk 0:02:57]} Be7
{[%clk 0:02:50]} 8. Be2 {[%clk 0:02:49]} O-O {[%clk 0:02:48]} 9. O-O
{[%clk 0:02:48]} Re8 {[%clk 0:02:49]} 10. Qd2 {[%clk 0:02:44]} h6
{[%clk 0:02:46]} 11. Rad1 {[%clk 0:01:43]} Bf8 {[%clk 0:02:39]} 12. Kh1
{[%clk 0:01:35]} a6 {[%clk 0:02:33]} 13. Rg1 {[%clk 0:01:35]} Re5
{[%clk 0:02:15]} 14. g4 {[%clk 0:01:30]} Nh7 {[%clk 0:01:44]} 15. h3
{[%clk 0:01:16]} Ng5 {[%clk 0:01:27]} 16. Bxg5 {[%clk 0:01:12]} hxg5
{[%clk 0:01:18]} 17. Nf5 {[%clk 0:01:08]} Be6 {[%clk 0:01:04]} 18. Rg2
{[%clk 0:00:59]} g6 {[%clk 0:00:56]} 19. Nd4 {[%clk 0:00:56]} Nxd4
{[%clk 0:00:55]} 20. Qxd4 {[%clk 0:00:56]} Bg7 {[%clk 0:00:54]} 21. Qf2
{[%clk 0:00:55]} f6 {[%clk 0:00:42]} 22. Rh2 {[%clk 0:00:56]} Kf7
{[%clk 0:00:41]} 23. h4 {[%clk 0:00:54]} gxh4 {[%clk 0:00:40]} 24. Rxh4
{[%clk 0:00:55]} Qe7 {[%clk 0:00:29]} 25. Qh2 {[%clk 0:00:52]} Bd7
{[%clk 0:00:24]} 26. Kg2 {[%clk 0:00:52]} g5 {[%clk 0:00:23]} 27. Rh7
{[%clk 0:00:52]} Kg8 {[%clk 0:00:23]} 28. Rh1 {[%clk 0:00:50]} Kf8
{[%clk 0:00:13]} 29. Rh8+ {[%clk 0:00:48]} Bxh8 {[%clk 0:00:13]} 30. Qxh8+
{[%clk 0:00:49]} Kf7 {[%clk 0:00:13]} 31. Rh7+ {[%clk 0:00:49]} Kg6
{[%clk 0:00:14]} 32. Rh6+ {[%clk 0:00:49]} Kf7 {[%clk 0:00:15]} 33. Rh7+
{[%clk 0:00:50]} Kg6 {[%clk 0:00:16]} 34. Rh6+ {[%clk 0:00:51]} 1/2-1/2